Top 100 movies of all time (100 movies bucket list) - Statistics

General Stats
  • This quiz has been taken 174 times
  • The average score is 26 of 100
Answer Stats
Hint Answer % Correct
Francis Ford Coppola The Godfather
79%
Quentin Tarantino Pulp Fiction
77%
Steven Speilberg E.T
69%
James Cameron Titanic
69%
Christopher Nolan The Dark Knight
66%
George Lucas Star Wars
63%
Ridley Scott Alien
55%
Steven Spielberg Jaws
53%
Frank Darabont The Shawshank Redemption
52%
Orson Welles Citizen Kane
51%
Stanley Kubrick The Shining
49%
Alfred Hitchcock Psycho
47%
Steven Spielberg Schindler's List
47%
Stanley Kubrick 2001: A Space Odyssey
46%
Ridley Scott Gladiator
45%
James Cameron The Terminator
44%
Robert Zemeckis Forrest Gump
43%
Steven Spielberg Jurassic Park
42%
David Fincher Se7en
42%
The wachowskis The matrix
42%
Stanley Kubrick A Clockwork Orange
40%
Steven Spielberg Raiders Of The Lost Ark
40%
Michael Curtiz Casablanca
38%
Francis Ford Coppola Apocalypse Now
36%
Christopher Nolan Memento
34%
Steven Speilberg Saving Private Ryan
34%
Brian De Palma Scarface
34%
Akira Kurosawa Seven Samurai
34%
Ridley Scott Blade Runner
33%
Ivan Reitman Ghostbusters
33%
Robert Zemeckis Back To The Future
32%
The Coen Brothers No country for old men
31%
Quentin Tarantino Reservoir Dogs
31%
Sergio Leone The good, The bad, and the Ugly
31%
The Coen Brothers The Big Lebowski
30%
Jonathan Demme The Silence Of The Lambs
30%
Alfred Hitchcock Vertigo
30%
David Fincher Fight Club
29%
Sidney Lumet 12 Angry Men
28%
John Carpenter Halloween
28%
Guy Ritchie Snatch
28%
Wes Anderson The Grand Budapest Hotel
28%
Frank Darabont The Green Mile
28%
Sam Raimi The Evil Dead
26%
Roman Polanski Rosemary's Baby
25%
John G. Avildsen Rocky
24%
Roman Polanski The Pianist
23%
John Lasseter Toy Story
23%
Luc Besson Leon: The Professional
22%
Charles Chaplin The Great Dictator
22%
Mary Harron American Psycho
21%
Park Chan-Wook Old Boy
21%
Hayao Miyazaki Spirited Away
21%
Michael Cimino The Deer Hunter
21%
Christopher Nolan The Prestige
21%
Martin Scorsese The Departed
20%
Bryan Singer The Usual Suspects
20%
Stanley Kubrick Dr. Strangelove
19%
D. Zucker, J. Abrahams, J. Zucker Airplane!
18%
Gus Van Sant Good Will Hunting
18%
F. Meirelles, K.Lund City Of God
17%
Rob Reiner Stand By Me
17%
V. Fleming ET. Al The Wizard Of Oz
17%
Danny Boyle Trainspotting
17%
David Lean Lawrence Of Arabia
16%
Martin Campbell Casino Royale
15%
Nicolas Winding Refn Drive
15%
Edgar Wright Shaun Of The Dead
15%
Jean-Pierre Jeunet Amelie
14%
Ang Lee Brokeback Mountain
14%
P. Docter, B. Peterson Up
14%
Andrew Stanton Wall-E
14%
Harold Ramis Groundhog Day
12%
Spike Jonze Her
12%
R. Allers, R. Minkoff The Lion King
12%
Milos Forman Amadeus
11%
Rob Reiner This Is Spinal Tap
11%
Martin Mcdonagh In Bruges
10%
Barry Jenkins Moonlight
10%
Mike judge Office Space
10%
Peter Weir The Truman Show
10%
Tony Kaye American History X
9%
Richard Donner The Goonies
9%
Nick Cassavetes The Notebook
9%
John Singleton Boyz N The Hood
8%
Blake Edwards Breakfast At Tiffany's
7%
Emile Ardolino Dirty Dancing
5%
Martin Scorsese Gangs Of New York
5%
Terry Jones Monty Pythons Life Of Brian
5%
Robert Clouse Enter The Dragon
4%
J. Dayton, V. Faris Little Miss Sunshine
4%
Mark Waters Mean Girls
4%
O. Nakache, E. Toledano The Intouchables
4%
Jim Sharman The Rocky Horror Picture Show
4%
Mike Newell Four weddings and a funeral
3%
Rajkumar Hirani 3 Idiots
2%
S S. Rajamouli Baahubali
2%
Ashutosh Gowariker Lagaan
2%
Peter Jackson The Lord Of The Rings (Trilogy)
1%
Adam Elliot Mary & Max
0%
No matching quizzes found
Score Distribution
Percent of People with Each Score
Percentile by Number Answered
Your Score History
You have not taken this quiz